000 00561nam a2200193Ia 4500
003 GCL
008 140319s9999 xx 000 0 ara d
020 _a3194009977
040 _aGCL /
_cGCL
082 0 4 _a813.03
_bع ش
100 1 _aعلاء الأسوانى
245 1 0 _aشيكاجو :
_bرواية /
_cعلاء الأسوانى
250 _aالثالثة
260 _aالقاهرة :
_bدار الشروق ،
_c2007
300 _a453 ص ؛
_c19 سم
650 0 4 _aالادب العربى
650 0 4 _aالقصص العربية
942 _2ddc
_cBK
999 _c9572
_d9572